| 000 | 01834nam a2200385 i 4500 | ||
|---|---|---|---|
| 003 | DO-SdBNP | ||
| 005 | 20260321073644.0 | ||
| 007 | ta | ||
| 008 | 210923e2019 dr ac||gr|||| 001 edspa d | ||
| 020 | _a9789945220278 | ||
| 040 |
_aDO-SdBNP _bspa _cDO-SdBNP _erda |
||
| 041 | _aspa | ||
| 082 | 4 |
_aRD868.44 _bB742C 2019 _222 |
|
| 100 | 1 |
_aCastellanos, Justo Pedro, _d1961- _eautor _4aut. _971189 |
|
| 245 | 1 | 0 |
_aAntología del pensamiento de Juan Bosch / _c[compilador por], Justo Pedro Castellano ; prólogo, Pedro Vergés. |
| 250 | _aCuarta edición | ||
| 264 |
_aSanto Domingo, República Dominicana : _bEditora Búho, _c2019. |
||
| 300 |
_a[xxxviii], 524 páginas : _bilustraciones, retratos ; _c23 cm. |
||
| 336 |
_atexto _btxt _2rdacontent |
||
| 337 |
_asin mediación _bn _2rdamedia |
||
| 338 |
_avolumen _bnc _2rdacarrier |
||
| 500 | _aIncluye datos biográficos del autor en la solapa de la contracubierta. | ||
| 500 | _aIncluye bibliografía y nota al pié de páginas. | ||
| 504 | _aBibliografía: p. 521- 524 | ||
| 505 | 0 |
_tPrólogo / _rPedro Vergés -- _tIntroducción.-- _gCapítulo I. _tDel pensamiento filosófico-cultural : _gCapítulo II. _tDel pensamiento político.-- _gCapítulo III. _t Del pensamiento económico: _gCapítulo VI. _tPerfiles biográficos.-- _tPersonajes del mundo religioso.-- _tPersonajes del mundo político y del mundo cultural.-- _tBibliografía. |
|
| 590 | _aInventariado 2021 / MF | ||
| 600 | 1 | 0 |
_a Bosch, Juan, _d1909-2001 _976555 |
| 600 | 1 | 0 |
_a Bosch, Juan, _d1909-2001 _xCrítica e interpretación _976555 |
| 650 | 1 | 0 |
_aPensamiento crítico _99026 |
| 650 | 1 | 0 |
_aEnsayos dominicanos _965 |
| 700 | 1 | 2 |
_aCastellanos, Justo Pedro, _d1961- _ecompilador _4comp. _971189 |
| 700 | 1 | 2 |
_978838 _aBergé, Pedro _eprologuista _4pr. |
| 910 | _aValidado. Control de calidad MFF | ||
| 942 |
_2ddc _cLBS1 |
||
| 999 |
_c50649 _d50649 |
||